| 000 | 00680 a2200253 4500 | ||
|---|---|---|---|
| 003 | 0199000 | ||
| 005 | 20250825115506.0 | ||
| 008 | 250825b |||||||| |||| 00| 0 eng d | ||
| 020 | _a978-978-59259-9-9 | ||
| 040 | _erda | ||
| 050 |
_aKP 128 _bW5 |
||
| 082 |
_2KP 128 _aW5 |
||
| 100 |
_aWigwe C. Chris _d2016 |
||
| 245 |
_aIntroduction to Company Law and Practice _bWith companies and allied matters act 2020 |
||
| 250 | _aSecond | ||
| 260 |
_aLagos ,Nigeria _bPrinceton _c2016 |
||
| 264 |
_aLagos, Nigeria _bPrinceton _c2016 |
||
| 300 | _bxiv, | ||
| 306 | _a881pg., 35 cm. | ||
| 336 | _2rdacontent | ||
| 338 | _2rdacarrier | ||
| 650 | _aCompany Law | ||
| 942 |
_2lcc _cBK |
||
| 999 |
_c43606 _d43606 |
||